| 000 | 01103nam a22003377a 4500 | ||
|---|---|---|---|
| 003 | DO-SdBNP | ||
| 005 | 20180125135803.0 | ||
| 008 | 151104b 1991 sp ||||| |||| 00| 0 spa d | ||
| 020 | _a8420743097 | ||
| 040 |
_aBPMSU _bspa _cBPMSU |
||
| 041 | 1 | 7 |
_aspa _heng |
| 092 |
_axxxxx _bxxxxx |
||
| 100 | 1 |
_aNesbit, Edith, _d1858-1924. |
|
| 245 | 1 | 0 |
_aHistorias de dragones / _cE. Nesbit ; traducción, apéndice y notas Marisol Dorao ; ilustración H. R. Millar y H. Grandville Fell. |
| 260 |
_aMadrid : _bGrupo Anaya, _c1991. |
||
| 300 |
_a207 p. : _bil. ; _c20 cm. |
||
| 490 | 1 |
_aTus libros _v112 |
|
| 490 | 1 | _aMaravillosos | |
| 500 | _aIncluye referencias bibliográficas y notas al pie de las páginas. | ||
| 504 | _aBibliografía : p, 205-207 | ||
| 534 | _aThe last of the dragons. | ||
| 650 | _aCuentos infantiles ingleses. | ||
| 700 | 1 | 2 |
_3Dorao, Marisol, _4tr. |
| 700 | 1 | 2 |
_aMillar, H. R., _3il. |
| 700 | 1 | 2 |
_aGrandville Fell, H., _eil. |
| 830 | 0 |
_aTus libros ; _n112 |
|
| 830 | 0 | _aMaravillosos | |
| 942 |
_2ddc _cBK |
||
| 945 | _aInventariado, 2018 / DG | ||
| 956 |
_aLOPEREZ _b10 |
||
| 999 |
_c8545 _d8545 |
||